Ordnance

Библиографические подробности
Формат: Электронный ресурс Журнал
Язык:English
Опубликовано: National Defense Industrial Association
Предметы:
Online-ссылка:Full text available on JSTOR[1947-07-01 - 1970-05-01]
Off-campus access
LEADER 01048cas a2200217 a 4500
001 AALejournalJSTOR002017
008 230228c9999 xx r poo 0 0eng d
022 |a 0030-4557 
022 |a 2833-0420 
040 |a BD-DhAAL  |c BD-DhAAL 
245 0 0 |h [electronic resource]  |a Ordnance 
260 |b National Defense Industrial Association 
300 |a 1 online resource 
362 0 |a Vol. 32,  |a no. 163 
500 |a <strong>Off-Campus Access:</strong> Athens ID and Password Required 
500 |a <strong>On-Campus Access:</strong> No User ID or Password Required 
506 |a Electronic access restricted to authorized BRAC University faculty, staff and students 
538 |a Mode of access: Internet 
650 4 |a Military Studies ; Peace & Conflict Studies ; Political Science ; Security Studies ; Social Sciences 
856 4 0 |z Full text available on JSTOR[1947-07-01 - 1970-05-01]  |u https://www.jstor.org/journal/ordnance 
856 4 0 |z Off-campus access  |u https://go.openathens.net/redirector/bracu.ac.bd?url=https%3A%2F%2Fwww.jstor.org%2Fjournal%2Fordnance